It ends with you : grow up and out of dysfunction /

Bibliographic Details
Main Author: Tessina, Tina B.
Corporate Author: NetLibrary, Inc
Format: eBook
Language:English
Published: Franklin Lakes, NJ : New Page Books, [2003]
Subjects:
Online Access:Connect to the full text of this electronic book

MARC

Tag First Indicator Second Indicator Subfields
LEADER 00000cam a2200000Ia 4500
001 in00002003757
005 20220105141451.0
006 m d
007 cr cn-
008 030914s2003 nju sb 001 0 eng d
020 |a 0585469806 (electronic bk.) 
035 |a (OCoLC)ocm53021857 
040 |a N$T  |c N$T  |d UtOrBLW 
049 |a IKMN 
050 1 4 |a RC455.4.F3  |b T456 2003eb 
082 0 4 |a 158.1  |2 22 
100 1 |a Tessina, Tina B.  |0 http://id.loc.gov/authorities/names/n80141670 
245 1 0 |a It ends with you :  |b grow up and out of dysfunction /  |c by Tina B. Tessina. 
264 1 |a Franklin Lakes, NJ :  |b New Page Books,  |c [2003] 
264 4 |c ©2003 
300 |a 224 pages 
336 |a text  |b txt  |2 rdacontent 
337 |a computer  |b c  |2 rdamedia 
338 |a online resource  |b cr  |2 rdacarrier 
504 |a Includes bibliographical references (page 209) and index. 
533 |a Electronic reproduction.  |b Boulder, Colo. :  |c NetLibrary,  |d 2003.  |n Available via World Wide Web.  |n Access may be limited to NetLibrary affiliated libraries. 
500 |a Electronic resource. 
650 0 |a Adult children of dysfunctional families.  |0 http://id.loc.gov/authorities/subjects/sh89005609 
650 0 |a Dysfunctional families.  |0 http://id.loc.gov/authorities/subjects/sh85107107 
650 0 |a Adjustment (Psychology)  |0 http://id.loc.gov/authorities/subjects/sh85000892 
655 7 |a Electronic books.  |2 local 
710 2 |a NetLibrary, Inc.  |0 http://id.loc.gov/authorities/names/no99080690 
776 1 |c Original  |z 1564146499  |w (DLC) 2002035811  |w (OCoLC)50645656 
856 4 1 |u https://proxy.library.tamu.edu/login?url=http://www.netLibrary.com/urlapi.asp?action=summary&v=1&bookid=91706  |z Connect to the full text of this electronic book  |t 0 
994 |a 92  |b IKM 
999 |a MARS 
999 f f |s 21b94677-540a-3ae4-b3bc-0615271cc83c  |i a0f9fa54-8c04-327c-bb74-956d4f871296  |t 0 
952 f f |a Texas A&M University  |b College Station  |c Electronic Resources  |d Available Online  |t 0  |e RC455.4.F3 T456 2003eb  |h Library of Congress classification 
998 f f |a RC455.4.F3 T456 2003eb  |t 0  |l Available Online